000 00935cam a2200253 a 4500
005 20200104041515.0
008 960903s1996 ck a r 00010 spa d
040 _ala
_cla
_dCO-BoIAVH
041 0 _aspa
044 _ack
082 0 4 _a630
_bC48c
100 1 _aChater, Simon
_eautor
245 1 0 _aCIAT en perspectiva 1994 /
_ctexto Simon Chater y Nathan Russell ; traducción al español Alexandra Walter.
260 _aBogotá (Colombia) :
_bCIAT,
_c1996.
300 _a47 páginas :
_bilustraciones ;
_c20 x 26 cm.
610 2 0 _aCentro Internacional de Agricultura Tropical (CIAT)
_xActividades
610 2 0 _aCentro Internacional de Agricultura Tropical (CIAT)
_vInformes
650 2 6 _aAgricultura
650 2 6 _aDesarrollo rural
650 2 6 _aDesarrollo sostenible
700 1 _aRussell, Nathan
_eautor
700 1 _aWalter, Alexandra
_etraductora
942 _2ddc
_cLIBRO
999 _c810
_d810